书目信息 |
| 题名: |
Struts与Hibernate实用教程
|
|
| 作者: | 邬继成 编著 | |
| 分册: | ||
| 出版信息: | 北京 电子工业出版社 2006 |
|
| 页数: | 10, 305页 | |
| 开本: | 24cm | |
| 丛书名: | ||
| 单 册: | ||
| 中图分类: | TP311.56 , TP312JA | |
| 科图分类: | ||
| 主题词: | JAVA语言--程序设计--教材 , 软件工具 , 软件工具--程序设计--教材 , JAVA语言 , 程序设计 | |
| 电子资源: | ||
| ISBN: | 7-121-03163-9 | |
| 000 | 01107nam0 2200301 450 | |
| 001 | 07079000313 | |
| 005 | 20070721111637.82 | |
| 010 | @a7-121-03163-9@dCNY35.00 | |
| 100 | @a20060104d2006 em y0chiy0110 ea | |
| 101 | 0 | @achi |
| 102 | @aCN@b110000 | |
| 105 | @ay z 000yy | |
| 200 | 1 | @aStruts与Hibernate实用教程@AStruts yu Hibernate shi yong jiao cheng@e构建基于MVC模式的高效Java Web应用@f邬继成编著 |
| 210 | @a北京@c电子工业出版社@d2006 | |
| 215 | @a10, 305页@d24cm@e附光盘1片 | |
| 307 | @a附光盘 ISBN 7-89485-041-1 | |
| 330 | @a本书介绍Struts和Hibernate的基本原理和应用方法,内容包括Java Web应用基础,Struts和Hibernate的基本原理,实例讲解Struts和Hibernate应用程序的开发方法等。 | |
| 517 | 1 | @a构建基于MVC模式的高效Java Web应用@Agou jian ji yu MVC mo shi de gao xiao Java Web ying yong |
| 606 | 0 | @aJAVA语言@x程序设计@j教材 |
| 606 | 0 | @a软件工具 |
| 606 | 0 | @a软件工具@x程序设计@j教材 |
| 606 | 0 | @aJAVA语言 |
| 606 | 0 | @a程序设计 |
| 690 | @aTP311.56@v4 | |
| 690 | @aTP312JA@v4 | |
| 701 | 0 | @a邬继成@Awu ji cheng@4编著 |
| 801 | 0 | @aCN@bNLC@c20070721 |
| 905 | @a10447@dTP311.56@e431 | |
| Struts与Hibernate实用教程:构建基于MVC模式的高效Java Web应用/邬继成编著.-北京:电子工业出版社,2006 |
| 10, 305页;24cm+附光盘1片 |
| ISBN 7-121-03163-9:CNY35.00 |
| 本书介绍Struts和Hibernate的基本原理和应用方法,内容包括Java Web应用基础,Struts和Hibernate的基本原理,实例讲解Struts和Hibernate应用程序的开发方法等。 |
| ● |
| 相关链接 |
|
|
|
|
正题名:Struts与Hibernate实用教程
索取号:TP311.56/431
 
预约/预借
| 序号 | 登录号 | 条形码 | 馆藏地/架位号 | 状态 | 备注 |
| 1 | 0822098 | 208220986 | 第二样本阅览室/ [索取号:TP311.56/431] | 在馆 | |
| 2 | 0822099 | 208220995 | 第三借阅区/ [索取号:TP311.56/431] | 在馆 | |
| 3 | 0822100 | 208221002 | 第三借阅区/ [索取号:TP311.56/431] | 在馆 | |
| 4 | 0822101 | 208221011 | 第三借阅区/ [索取号:TP311.56/431] | 在馆 | |
| 5 | 0822102 | 208221020 | 第三借阅区/ [索取号:TP311.56/431] | 在馆 |
本书有关联资源:
1 .光盘 /ISO :Struts与Hibernate实用教程 /邬继成
下载